000 00907nam a2200253Ia 4500
003 OSt
005 20221005112300.0
006 a|||||r|||| 00| 0
007 ta
008 221004b |||||||| |||| 00| 0 pan d
020 _a9788178563497 (hbk)
024 _a15231
037 _bGift, 19/01/2015,
_cTextual
040 _aCRL
_cCRL
_bpan
041 _2pan
_apan
082 _aY73(P153):351, 153Q2
100 _aਸਿੰਘ, ਦਵਿੰਦਰ
245 0 _aਸਭਿਆਚਾਰ ਵਿਗਿਆਨ ਅਤੇ ਪੰਜਾਬੀ ਸਭਿਆਚਾਰ
260 _aਅੰਮ੍ਰਿਤਸਰ
_bਵਾਰਿਸ Fਾਹ ਖ਼ਾਉ੍ਵਡੇFਨ ਭਾਰਤ
_c2012
300 _a128ਪੰ
_ccm.
650 _aਣOFਨ FਾਂਸਛO
_9157433
942 _hY73(P153):351, 153Q2
_cTEXL
_2cc
999 _c1024410
_d1024410